|
|
|
|
| LEADER |
00000cam a2200000 a 4500 |
| 001 |
017369 |
| 003 |
UAHC_CL |
| 005 |
20170803121504.0 |
| 008 |
010822b xx j 000 1 eng |
| 040 |
|
|
|a UAHC_CL
|c UAHC_CL
|d UAHC_CL
|
| 082 |
0 |
4 |
|a 418 H568
|
| 100 |
1 |
|
|a Hermsdorf, Rubén
|
| 245 |
1 |
0 |
|a Vocabulario básico /
|c Rubén Hermsdorf.
|
| 260 |
|
|
|a México
|b Colegio de Posgraduados
|c 1981
|
| 300 |
|
|
|a 183 p.
|
| 650 |
|
4 |
|a POBLACION RURAL
|z MEXICO
|
| 650 |
|
4 |
|a VOCABULARIO
|
| 650 |
|
4 |
|a LENGUAJE
|
| 900 |
|
|
|a 418 HER
|
| 942 |
|
|
|c BK
|
| 952 |
|
|
|0 0
|1 0
|4 0
|6 418_000000000000000_HER
|7 0
|8 General
|9 34595
|a BC
|b BC
|c General
|d 2017-08-03
|l 0
|o 418 HER
|p 1300526
|r 2026-01-13 00:00:00
|t 1
|w 2017-08-03
|y BK
|
| 999 |
|
|
|c 17369
|d 17369
|